| 000 | 00360nam a22001577a 4500 | ||
|---|---|---|---|
| 005 | 20180625112836.0 | ||
| 008 | 160531b xxu||||| |||| 00| 0 eng d | ||
| 041 | _aeng | ||
| 082 |
_b6354 _a658 |
||
| 100 |
_aGoswami, Ranjit kumar _91584 |
||
| 245 | _aPrinciples of Management | ||
| 260 | _bMatrix | ||
| 300 | _a346 | ||
| 650 |
_aManagement _9241 |
||
| 942 | _cBK | ||
| 999 |
_c2237 _d2236 |
||